<?xml version="1.0" encoding="UTF-8"?><?xml-stylesheet type="text/xsl" href="static/style.xsl"?><OAI-PMH xmlns="http://www.openarchives.org/OAI/2.0/" xmlns:xsi="http://www.w3.org/2001/XMLSchema-instance" xsi:schemaLocation="http://www.openarchives.org/OAI/2.0/ http://www.openarchives.org/OAI/2.0/OAI-PMH.xsd"><responseDate>2026-06-01T18:40:45Z</responseDate><request verb="GetRecord" identifier="oai:riuma.uma.es:10630/16976" metadataPrefix="marc">https://riuma.uma.es/rest/oai/request</request><GetRecord><record><header><identifier>oai:riuma.uma.es:10630/16976</identifier><datestamp>2026-02-03T10:22:36Z</datestamp><setSpec>com_10630_1685</setSpec><setSpec>col_10630_38055</setSpec></header><metadata><record xmlns="http://www.loc.gov/MARC21/slim" xmlns:dcterms="http://purl.org/dc/terms/" xmlns:doc="http://www.lyncode.com/xoai" xmlns:xsi="http://www.w3.org/2001/XMLSchema-instance" xsi:schemaLocation="http://www.loc.gov/MARC21/slim http://www.loc.gov/standards/marcxml/schema/MARC21slim.xsd">
   <leader>00925njm 22002777a 4500</leader>
   <datafield ind2=" " ind1=" " tag="042">
      <subfield code="a">dc</subfield>
   </datafield>
   <datafield ind2=" " ind1=" " tag="720">
      <subfield code="a">Gómez Baco, José</subfield>
      <subfield code="e">author</subfield>
   </datafield>
   <datafield ind2=" " ind1=" " tag="260">
      <subfield code="c">2018-11-28</subfield>
   </datafield>
   <datafield ind2=" " ind1=" " tag="520">
      <subfield code="a">El proyecto consiste en la creación de una aplicación web que permita realizar la captura y análisis de datos en Twitter facilitando el estudio tanto de las opiniones expresadas como de las personas o entidades que han influido en dichas opiniones mediante técnicas de Visual Analytics.&#xd;
Dicho objetivo tiene especial importancia debido al gran número de usuarios de esta red social y la inmensa cantidad de información accesibles sobre multitud de ámbitos.&#xd;
El procesamiento de los datos obtenidos se centrará en el estudio de la difusión y propagación de tendencias, la búsqueda de relaciones entre usuarios en base a las acciones realizadas por estos (respuestas, citas y menciones) y el análisis del comportamiento de los usuarios usando como métricas su actividad e impacto.&#xd;
Para ello el análisis se apoyará en el entorno y lenguaje de programación “R”, que provee un gran conjunto de funciones estadísticas y de cálculo numérico que permite el manejo de grandes volúmenes de datos, además de herramientas estadísticas adecuadas para la generación de gráficas.&#xd;
Todo ello estará integrado en una aplicación desarrollada en el lenguaje de programación Python y bajo el framework Django, en la cual se han integrado las herramientas del lenguaje R para el procesado de los datos mediante scripts que son invocados desde la propia aplicación.&#xd;
Para asegurar la integridad de la aplicación, así como de los resultados, se han limitado las posibles acciones definiendo diversos perfiles de usuarios en función de las funciones a realizar por cada uno de ellos.</subfield>
   </datafield>
   <datafield ind1="8" ind2=" " tag="024">
      <subfield code="a">https://hdl.handle.net/10630/16976</subfield>
   </datafield>
   <datafield tag="653" ind2=" " ind1=" ">
      <subfield code="a">Aplicaciones (Software)</subfield>
   </datafield>
   <datafield tag="653" ind2=" " ind1=" ">
      <subfield code="a">Análisis de datos</subfield>
   </datafield>
   <datafield tag="653" ind2=" " ind1=" ">
      <subfield code="a">Proceso electrónico de datos</subfield>
   </datafield>
   <datafield tag="653" ind2=" " ind1=" ">
      <subfield code="a">Twitter (Redes sociales)</subfield>
   </datafield>
   <datafield tag="653" ind2=" " ind1=" ">
      <subfield code="a">Redes sociales en Internet</subfield>
   </datafield>
   <datafield tag="653" ind2=" " ind1=" ">
      <subfield code="a">R (Lenguaje de programación)</subfield>
   </datafield>
   <datafield tag="653" ind2=" " ind1=" ">
      <subfield code="a">Informática - Trabajos Fin de Grado</subfield>
   </datafield>
   <datafield tag="653" ind2=" " ind1=" ">
      <subfield code="a">Grado en Ingeniería Informática - Trabajos Fin de Grado</subfield>
   </datafield>
   <datafield ind2="0" ind1="0" tag="245">
      <subfield code="a">Captura y análisis de datos en Twitter</subfield>
   </datafield>
</record>
</metadata></record></GetRecord></OAI-PMH>